The journal of William Lockerby. Sandalwood trader in the Fijian Islands during the years 1808, 1809: With an Introduction & other papers connected with the earliest european visitors to the islands. Edited by Sir Everard Im Thurn, K.C.M.G., K.B.E., C.B., and Leonard C. Wharton
Saved in:
| Hovedforfatter: | |
|---|---|
| Format: | Bog |
| Sprog: | engelsk |
| Udgivet: |
Londres
Hakluyt Society
1925
|
| Udgivelse: | 1a. ed |
| Serier: | Hakluyt Society, second series, LII
|
| Fag: | |
| Tags: |
Tilføj Tag
Ingen Tags, Vær først til at tagge denne postø!
|
MARC
| LEADER | 00000nam a2200000 a 4500 | ||
|---|---|---|---|
| 001 | UCJ5634 | ||
| 003 | CL-VaPUC | ||
| 008 | 070124e19250000UK |||||||||||||||||eng|d | ||
| 082 | 0 | 4 | |a 910.4 |b LOC |2 21 |
| 100 | |a Lockerby, William |e autor |9 511062 | ||
| 245 | 1 | 4 | |a The journal of William Lockerby. Sandalwood trader in the Fijian Islands during the years 1808, 1809: With an Introduction & other papers connected with the earliest european visitors to the islands. Edited by Sir Everard Im Thurn, K.C.M.G., K.B.E., C.B., and Leonard C. Wharton |
| 250 | |a 1a. ed | ||
| 300 | |a cxi, 250 p | ||
| 942 | |c BK | ||
| 945 | |d 20070124 00:00:00 |a rinostro | ||
| 260 | |a Londres |b Hakluyt Society |c 1925 | ||
| 500 | |a Front., nativos de las islas; tres mapas en bolsillo | ||
| 600 | 0 | 7 | |a SIDDONS, RICHARD |2 CL-VaPUC |9 511063 |
| 600 | 0 | 7 | |a PATTERSON, SAMUEL |2 CL-VaPUC |9 511064 |
| 650 | 0 | |a Viajes |9 257115 | |
| 650 | 7 | |a DIARIO |2 CL-VaPUC |9 441581 | |
| 650 | 0 | |a Correspondencia |9 258963 | |
| 650 | 0 | |a Misioneros |9 324171 | |
| 650 | 0 | |a Aborígenes |9 329972 | |
| 650 | 0 | |a Antropología |9 233030 | |
| 650 | 7 | |a BIBLIOGRAFIA |2 CL-VaPUC |9 256175 | |
| 650 | 0 | |a Naufragios |9 317857 | |
| 650 | 0 | |a Mapas |9 260844 | |
| 651 | 7 | |a ISLAS FIJI |2 CL-VaPUC |9 511065 | |
| 651 | 7 | |a POLINESIA |2 CL-VaPUC |9 511066 | |
| 583 | |a last modification |c 20070124 00:00:00 |k Rodrigo Vera | ||
| 490 | 0 | |a Hakluyt Society, second series, LII | |
| 999 | |c 321743 |d 321741 | ||
| 952 | |0 0 |1 0 |4 0 |6 910_400000000000000_LOC_1925 |7 0 |8 X |9 400570 |a FDOBUD |b FDOBUD |d 2019-11-22 |i 1037412 |o 910.4 LOC 1925 |p 1037412 |r 2019-11-22 |w 2019-11-22 |y BK_X |k BUD | ||